| Tag |
First Indicator |
Second Indicator |
Subfields |
| LEADER |
00000cam a2200000 4500 |
| 001 |
in00000719421 |
| 005 |
20151016060832.0 |
| 008 |
760730s1913 ksuc 00110bengm |
| 010 |
|
|
|a 13019682
|
| 035 |
|
|
|a (OCoLC)02343529
|
| 035 |
|
|
|9 ADD1007AM
|
| 040 |
|
|
|a DLC
|c GAT
|d TXA
|d UtOrBLW
|
| 049 |
|
|
|a TXAM
|c [2390]
|
| 050 |
|
0 |
|a E451
|b .W74
|
| 092 |
|
|
|a 973.68
|b W748j
|
| 100 |
1 |
|
|a Wilson, Hill Peebles,
|d 1840-
|
| 245 |
1 |
0 |
|a John Brown, soldier of fortune ;
|b a critique /
|c by Hill Peebles Wilson.
|
| 264 |
|
1 |
|a Lawrence, Kan. :
|b H.P. Wilson,
|c 1913.
|
| 300 |
|
|
|a 3 pages ., [9]-450 pages :
|b 2 portrait (including frontispiece) ;
|c 23 cm.
|
| 336 |
|
|
|a text
|b txt
|2 rdacontent
|
| 337 |
|
|
|a unmediated
|b n
|2 rdamedia
|
| 338 |
|
|
|a volume
|b nc
|2 rdacarrier
|
| 600 |
1 |
0 |
|a Brown, John,
|d 1800-1859.
|
| 999 |
|
|
|a MARS
|
| 999 |
f |
f |
|s ee4b2204-33c7-3e19-bd96-34afdce602cb
|i 3c12c45d-b498-3b4f-803e-945b6d1c6f4c
|t 0
|
| 952 |
f |
f |
|p ric
|a Texas A&M University
|b Rellis Campus
|c Joint Library Facility
|d Remote Storage
|t 0
|e E451 .W74
|h Library of Congress classification
|i unmediated -- volume
|m A14801524070
|
| 998 |
f |
f |
|a E451 .W74
|t 0
|l Remote Storage
|